000 00500nam a2200181Ia 4500
005 20250326123509.0
008 250326s9999 xx 000 0 und d
037 _aTextbook
040 _aFMSL
_beng
_cFMSL
041 _aeng
_2eng
084 _aX:9 P7
_qFMSL
100 _aPreziosi R C
_9735258
245 0 _a2007 Pfeiffer annual : human resource management
_cPreziosi R C
260 _aCA
_bCA, John Wiley
_c2007
300 _a285p
942 _cTB
_hX:9 P7
999 _c1269622
_d1269622